000 01028nam a2200277Ia 4500
003 OSt
005 20221005111510.0
006 a|||||r|||| 00| 0
007 ta
008 221004b |||||||| |||| 00| 0 hin d
020 _a8172017553 (hbk)
_cIndian Rupees 100
024 _a41080
037 _bGift, 09/01/2019,
_cTextual
040 _aCRL
_cCRL
_bhin
041 _2hin
_ahin
082 _aO152,1N11:g, P9
100 _aमिश्र, विद्यानिवास, संपा.
245 0 _aअज्ञेय काव्य - स्तबक
246 _aAjnyeya kāvya - stabaka
260 _aनई दिल्ली
_bसाहित्य अकादेमी भारत
_c2009
300 _a214पृ0
_ccm.
650 _a हिन्दी साहित्य
650 _aहिन्दी कविता
942 _hO152,1N11:g, P9
_cTEXL
_2cc
999 _c1022019
_d1022019